| 000 | 00620mam a22001934a 4500 | ||
|---|---|---|---|
| 020 | _a0471317136 (cloth : alk. paper) | ||
| 082 | 0 | 0 |
_a621.4021 _bMOR _cN-01, P-90 |
| 100 | 1 |
_aMoran, Michael J. _941739 |
|
| 245 | 1 | 0 |
_aFundamentals of engineering thermodynamics / _cMichael J. Moran, Howard N. Shapiro. |
| 250 | _a4th ed. | ||
| 260 |
_aNew York : _bJohn Wiley& Sons, _cc2000. |
||
| 300 |
_axv, 918 p. : _bill. ; _c26 cm. |
||
| 500 | _aIncludes index. | ||
| 526 |
_a0 _b0 _c0 _d621_402100000000000_MOR |
||
| 650 | 0 |
_aMCE _9379 |
|
| 650 | 0 |
_aThermodynamics. _97134 |
|
| 700 | 1 |
_aShapiro, Howard N. _941740 |
|
| 942 |
_2ddc _cBK |
||
| 999 |
_c545782 _d545782 |
||